Caricature /

Bibliographic Details
Main Author: Ashbee, C. R. (Charles Robert), 1863-1942
Format: Book
Language:English
Published: London : Chapman and Hall, ltd., 1928.
Series:Universal art series.
Subjects:

MARC

Tag First Indicator Second Indicator Subfields
LEADER 00000cam a2200000 4500
001 in00000732421
005 20151016074358.0
008 750612s1928 enkaf b 00010 eng u
010 |a  28018818  
035 |a (OCoLC)01389583 
035 |9 ADF0289AM 
040 |c TLM  |d TXA  |d UtOrBLW 
049 |a TXAM  |c [215998] 
050 0 0 |a NC1325  |b .A7 
092 |a 741.5  |b A819c 
100 1 |a Ashbee, C. R.  |q (Charles Robert),  |d 1863-1942. 
245 1 0 |a Caricature /  |c by C. R. Ashbee ... 
264 1 |a London :  |b Chapman and Hall, ltd.,  |c 1928. 
300 |a xviii, 187 pages :  |b color frontispiece, illustrations, plates (part double) ;  |c 24 cm. 
336 |a text  |b txt  |2 rdacontent 
337 |a unmediated  |b n  |2 rdamedia 
338 |a volume  |b nc  |2 rdacarrier 
490 1 |a Universal art series 
504 |a Bibliography: pages [159]-164. 
650 0 |a Caricature  |x History. 
830 0 |a Universal art series. 
999 |a MARS 
999 f f |s bb4c1409-431a-32e4-bf75-ecd5823c2c48  |i be37df33-7ed3-3412-a337-cb6765be1cbb  |t 0 
952 f f |p normal  |a Texas A&M University  |b College Station  |c Sterling C. Evans Library  |d Evans: Library Stacks  |t 0  |e NC1325 .A7  |h Library of Congress classification  |i unmediated -- volume  |m A14801148418 
998 f f |a NC1325 .A7  |t 0  |l Evans: Library Stacks